| Tag |
First Indicator |
Second Indicator |
Subfields |
| LEADER |
00000cam a2200000 a 4500 |
| 001 |
in00000018130 |
| 005 |
20151007053147.0 |
| 007 |
he amb||||||| |
| 008 |
880614r19871987miuhk bb 00010 eng d |
| 035 |
|
|
|a (OCoLC)18081730
|
| 035 |
|
|
|9 AAB0614AM
|
| 040 |
|
|
|a TXA
|c TXA
|d UtOrBLW
|
| 043 |
|
|
|a n-us-tx
|
| 049 |
|
|
|a TXAI
|
| 099 |
|
|
|a fiche
|a C
|a 10582
|
| 100 |
1 |
|
|a Coffey, Bettye Morris.
|
| 245 |
1 |
2 |
|a A determination of the intent, purposes, and strategies of the teacher appraisal portion of Texas House Bill 72 /
|c by Bettye Morris Coffey.
|
| 264 |
|
1 |
|a [Place of publication not identified] :
|b [publisher not identified] ;
|c 1987.
|
| 300 |
|
|
|a xi, 360 leaves :
|b facsimiles, forms.
|
| 336 |
|
|
|a text
|b txt
|2 rdacontent
|
| 337 |
|
|
|a microform
|b h
|2 rdamedia
|
| 338 |
|
|
|a microfiche
|b he
|2 rdacarrier
|
| 502 |
|
|
|b Ph. D.
|c University of Texas at Austin
|d 1987.
|
| 500 |
|
|
|a Vita.
|
| 504 |
|
|
|a Bibliography: leaves 348-360.
|
| 533 |
|
|
|a Microfiche.
|b Ann Arbor, Mich. :
|c University Microfilms International,
|d 1987.
|e 4 microfiches ; 11 x 15 cm.
|
| 500 |
|
|
|a Microform.
|
| 650 |
|
0 |
|a Teachers
|x Rating of
|z Texas.
|
| 650 |
|
0 |
|a Teachers
|x Salaries, etc.
|x Law and legislation
|z Texas.
|
| 610 |
1 |
0 |
|a Texas.
|b Legislature.
|b House of Representatives.
|t Texas Education Reform Bill of 1984.
|
| 999 |
|
|
|a MARS
|
| 999 |
f |
f |
|s 2300815f-8d04-35e1-8f5b-3a8e04be531c
|i 280cf18b-9dea-3278-b11b-ea26c7d04c83
|t 0
|
| 952 |
f |
f |
|p default
|a Texas A&M University
|b College Station
|c Sterling C. Evans Library
|d Evans: Microforms (3rd floor)
|t 0
|e fiche C 10582
|h Other scheme
|i microform -- microfiche
|
| 998 |
f |
f |
|a fiche C 10582
|t 0
|l Evans: Microforms (3rd floor)
|